Štatistická ročenka Slovenskej republiky 2019 = Statistical Yearbook of the Slovak Republic 2019

Enregistré dans:
Détails bibliographiques
Format: Livre
Langue:slovaque
anglais
Publié: Bratislava : Veda, 2019
Sujets:
Tags: Ajouter un tag
Pas de tags, Soyez le premier à ajouter un tag!

MARC

LEADER 00000nam a22000003a 4500
001 0081634
003 SK-STU
005 20200605111858.3
007 ta
008 200605s ----xo-----e------000-0-----d
020 |a 978-80-224-1792-1 
040 |a STU  |b slo 
041 0 |a slo  |a eng 
044 |a xo 
080 |a 311(437.6) 
245 1 0 |a Štatistická ročenka Slovenskej republiky 2019 = Statistical Yearbook of the Slovak Republic 2019 
260 |a Bratislava :  |b Veda,  |c 2019 
300 |a 663 s.,  |b 16 s. obrazovej prílohy 
650 0 7 |a Štatistika slovenská 
996 |b 284EK90110  |c E*90110  |l EE0101  |s P  |a 0  |w 0081634_0001